000
00248nam a2200109Ia 4500
008
190914s9999||||xx |||||||||||||| ||und||
100
_a
Ehrenhaft,George
245
0
_a
SAT 11 Writing
260
_a
India
_b
Oxford
_c
1995
300
_a
250
942
_c
BK
999
_c
10011
_d
10011